[Event "Collado Villalba 2015"]
[Site "Collado Villalba (ESP)"]
[Date "2015.08.22"]
[Round "1.1"]
[White "Moreno Ruiz, Javier"]
[Black "Perdomo Araujo, Angel Eduardo"]
[Result "1-0"]
[WhiteElo "2467"]
[BlackElo "1998"]
[PlyCount "63"]
[EventDate "2015.08.22"]
[EventType "swiss"]
[EventRounds "9"]
[EventCountry "ESP"]
[Source "lmi"]
[SourceDate "2015.08.22"]

1. d4 d5 2. c4 e6 3. Nc3 Nf6 4. cxd5 exd5 5. Bg5 Be7 6. e3 h6 7. Bh4 c6 8. Qc2
O-O 9. Bd3 Re8 10. Nge2 Ne4 11. Bxe7 Qxe7 12. Bxe4 dxe4 13. Ng3 f5 14. O-O Be6
15. f3 Qg5 16. Rae1 exf3 17. Rxf3 g6 18. e4 Bf7 19. Nxf5 gxf5 20. Rg3 Qxg3 21.
hxg3 Nd7 22. Qd2 Kg7 23. Qf4 Bg6 24. Qc7 Re7 25. Qxb7 Rae8 26. Qxc6 Nb8 27. Qa4
fxe4 28. Nd5 Rd7 29. Nf4 Bf7 30. d5 Rde7 31. Qd4+ Kh7 32. d6 1-0

[Event "Collado Villalba 2015"]
[Site "Collado Villalba (ESP)"]
[Date "2015.08.22"]
[Round "1.2"]
[White "Jordana Vargas, Julio"]
[Black "Perez Mitjans, Orelvis"]
[Result "0-1"]
[WhiteElo "1998"]
[BlackElo "2434"]
[PlyCount "148"]
[EventDate "2015.08.22"]
[EventType "swiss"]
[EventRounds "9"]
[EventCountry "ESP"]
[Source "lmi"]
[SourceDate "2015.08.22"]

1. c4 Nc6 2. Nc3 e5 3. Nf3 Nf6 4. g3 Bc5 5. Bg2 d6 6. O-O a6 7. e3 Ba7 8. d4
O-O 9. dxe5 dxe5 10. Qc2 Bg4 11. Rd1 Qe7 12. Nd5 Nxd5 13. cxd5 Nb8 14. h3 Bh5
15. Qf5 Bxf3 16. Qxf3 Nd7 17. b3 Qd6 18. Bb2 f5 19. Rac1 Rf7 20. Rc6 e4 21.
Rxd6 exf3 22. Rxd7 Rxd7 23. Bxf3 Bc5 24. Kg2 a5 25. a4 Kf8 26. Rc1 Bd6 27. Be2
Re7 28. Bd3 g6 29. h4 h5 30. Bf6 Rf7 31. Bd4 Rd8 32. Kf3 Ke7 33. Bc4 Rg8 34.
Rh1 b6 35. Kg2 Rd8 36. Rd1 Kf8 37. Re1 Re8 38. Rd1 Kg8 39. Rc1 Kh7 40. Re1 Kh6
41. Rh1 Rh7 42. Bf6 Be7 43. Bd4 g5 44. hxg5+ Kxg5 45. Bd3 Rf8 46. f3 Bf6 47.
Bxf6+ Kxf6 48. g4 Rhh8 49. Bxf5 hxg4 50. Bxg4 Rxh1 51. Kxh1 Ke5 52. e4 Rf6 53.
Kg2 c6 54. Be6 Kf4 55. Kf2 Rh6 56. Ke2 cxd5 57. exd5 Ke5 58. Kd3 Rh4 59. Kc3
Rf4 60. Kd3 Rxf3+ 61. Kc4 Kd6 62. Bg8 Rf4+ 63. Kc3 Kc5 64. Be6 Rf3+ 65. Kc2 Re3
66. Bg8 Re8 67. Be6 Kb4 68. Bf7 Rc8+ 69. Kb2 Rf8 70. Be6 Rf2+ 71. Kc1 Kxb3 72.
d6+ Kxa4 73. Bd7+ Kb4 74. Be6 Rf6 0-1

[Event "Collado Villalba 2015"]
[Site "Collado Villalba (ESP)"]
[Date "2015.08.22"]
[Round "1.3"]
[White "Valles Moreno, Ivan"]
[Black "Garcia Galeote, Lorenzo"]
[Result "1-0"]
[WhiteElo "2421"]
[BlackElo "1973"]
[PlyCount "79"]
[EventDate "2015.08.22"]
[EventType "swiss"]
[EventRounds "9"]
[EventCountry "ESP"]
[Source "lmi"]
[SourceDate "2015.08.22"]

1. e4 d6 2. d4 g6 3. Be3 Bg7 4. Qd2 c5 5. Ne2 Nc6 6. Nbc3 cxd4 7. Nxd4 Bd7 8.
Be2 a6 9. O-O Nf6 10. Rad1 O-O 11. h3 b5 12. Nxc6 Bxc6 13. Bf3 Qc7 14. Rfe1
Rac8 15. a3 a5 16. Bg5 b4 17. axb4 axb4 18. Na2 h6 19. Bxf6 Bxf6 20. Nxb4 Bxb2
21. c3 Ba4 22. Qxb2 Bxd1 23. Nd5 Qd8 24. Rxd1 e6 25. Ne3 Qf6 26. Rd3 Rb8 27.
Qc1 Qf4 28. Qd1 Rb6 29. g3 Qf6 30. Kg2 Rc8 31. c4 Qe5 32. Ng4 Qg5 33. h4 Qe7
34. e5 dxe5 35. Rd7 Qf8 36. Nxe5 Qc5 37. Nxf7 Rb2 38. Nxh6+ Kh8 39. Ng4 Rc7 40.
Rxc7 1-0

[Event "Collado Villalba 2015"]
[Site "Collado Villalba (ESP)"]
[Date "2015.08.22"]
[Round "1.4"]
[White "Torres Samper, Rafael"]
[Black "Hernando Pertierra, Jose C"]
[Result "0-1"]
[WhiteElo "1971"]
[BlackElo "2385"]
[PlyCount "48"]
[EventDate "2015.08.22"]
[EventType "swiss"]
[EventRounds "9"]
[EventCountry "ESP"]
[Source "lmi"]
[SourceDate "2015.08.22"]

1. e4 g6 2. d4 Bg7 3. Nc3 c6 4. Bc4 b5 5. Bb3 b4 6. Na4 Nf6 7. f3 O-O 8. Bg5 d6
9. Qd2 Nbd7 10. O-O-O Qa5 11. h4 Nb6 12. h5 gxh5 13. Nxb6 axb6 14. Ne2 Be6 15.
d5 cxd5 16. Nd4 dxe4 17. Nxe6 fxe6 18. Bxe6+ Kh8 19. g4 Qe5 20. Bb3 Nxg4 21. c3
bxc3 22. bxc3 Rxf3 23. Qd5 Rxc3+ 24. Kb2 Rc2+ 0-1

[Event "Collado Villalba 2015"]
[Site "Collado Villalba (ESP)"]
[Date "2015.08.22"]
[Round "1.5"]
[White "Aranda Marin, Cristian"]
[Black "Perez De Villar Munoz, Eusebio"]
[Result "1-0"]
[WhiteElo "2368"]
[BlackElo "1970"]
[PlyCount "69"]
[EventDate "2015.08.22"]
[EventType "swiss"]
[EventRounds "9"]
[EventCountry "ESP"]
[Source "lmi"]
[SourceDate "2015.08.22"]

1. Nf3 f5 2. d4 Nf6 3. Bg5 e6 4. Nbd2 Be7 5. Bxf6 Bxf6 6. e4 fxe4 7. Nxe4 O-O
8. c3 b6 9. Qc2 Bb7 10. Bd3 h6 11. h4 Bxe4 12. Bxe4 d5 13. Bh7+ Kh8 14. g4 Nd7
15. g5 Be7 16. Rh3 Bd6 17. O-O-O Rf4 18. Rg1 Qe7 19. h5 Raf8 20. Nh4 Rxh4 21.
Rxh4 hxg5 22. Rhh1 Qf6 23. Bg6 Qxf2 24. Qa4 Nf6 25. Bc2 g4 26. Rf1 Qe3+ 27. Kb1
g3 28. Rhg1 Ng8 29. Re1 Qf2 30. Qb5 g2 31. Qd3 Rf5 32. Qh3 Bh2 33. Qxh2 Qxe1+
34. Rxe1 Rf1 35. Qg1 1-0

[Event "Collado Villalba 2015"]
[Site "Collado Villalba (ESP)"]
[Date "2015.08.22"]
[Round "1.6"]
[White "Antoñano Fedz-Quincoces, Aveli"]
[Black "Elissalt Cardenas, Hector"]
[Result "0-1"]
[WhiteElo "1970"]
[BlackElo "2350"]
[PlyCount "116"]
[EventDate "2015.08.22"]
[EventType "swiss"]
[EventRounds "9"]
[EventCountry "ESP"]
[Source "lmi"]
[SourceDate "2015.08.22"]

1. e4 c6 2. d4 d5 3. exd5 cxd5 4. c4 Nf6 5. Nc3 Be6 6. c5 Nc6 7. Bb5 a6 8. Ba4
g6 9. Nge2 Bg7 10. O-O O-O 11. f3 Bd7 12. Be3 b6 13. Bxc6 Bxc6 14. b4 bxc5 15.
bxc5 Nd7 16. Rb1 Rb8 17. Qd2 Re8 18. Rxb8 Qxb8 19. Rb1 Qc7 20. Bf4 Qa5 21. Nc1
Nxc5 22. N1e2 Na4 23. Nxa4 Qxd2 24. Bxd2 Bxa4 25. Rb4 Bb5 26. Kf2 Bc4 27. a4
Rc8 28. g3 h5 29. f4 e6 30. Ke3 a5 31. Rb7 Ba6 32. Ra7 Bxe2 33. Kxe2 Bxd4 34.
Rxa5 Bc3 35. Rb5 Bxd2 36. Kxd2 Rc4 37. a5 Kf8 38. Rb8+ Kg7 39. a6 Ra4 40. Rb6
Kf6 41. Kc3 g5 42. fxg5+ Kxg5 43. h3 Kf5 44. Rb7 Rxa6 45. Rxf7+ Ke5 46. Rh7
Ra3+ 47. Kd2 Rxg3 48. Rxh5+ Kd6 49. Rh8 d4 50. Rd8+ Ke5 51. Rh8 Kd5 52. h4 Rh3
53. h5 e5 54. h6 Rh2+ 55. Kd1 Ke4 56. h7 Kd3 57. Ke1 e4 58. Ra8 Rxh7 0-1

[Event "Collado Villalba 2015"]
[Site "Collado Villalba (ESP)"]
[Date "2015.08.22"]
[Round "1.7"]
[White "Martinez Reyes, Pedro Ramon"]
[Black "Torres Grajales, Ramon"]
[Result "1-0"]
[WhiteElo "2349"]
[BlackElo "1943"]
[PlyCount "65"]
[EventDate "2015.08.22"]
[EventType "swiss"]
[EventRounds "9"]
[EventCountry "ESP"]
[Source "lmi"]
[SourceDate "2015.08.22"]

1. e4 e5 2. Nf3 Nc6 3. d4 exd4 4. Nxd4 Bc5 5. Be3 Qf6 6. c3 Nge7 7. Bc4 Qg6 8.
O-O Bxd4 9. cxd4 O-O 10. Nc3 Kh8 11. f4 f5 12. d5 fxe4 13. dxc6 dxc6 14. Bc5
Re8 15. Bxe7 Rxe7 16. Qd8+ Re8 17. Qg5 Qd6 18. Rad1 Qf8 19. Kh1 b5 20. Be2 b4
21. Na4 Be6 22. f5 h6 23. Qg6 Bxa2 24. Qxc6 Bb3 25. Rd7 Bxa4 26. Qxa4 Qf6 27.
Qc2 c6 28. Bc4 e3 29. Qe2 Re5 30. Rf7 Qg5 31. f6 g6 32. Qd1 Rf5 33. Rh7+ 1-0

[Event "Collado Villalba 2015"]
[Site "Collado Villalba (ESP)"]
[Date "2015.08.22"]
[Round "1.8"]
[White "Martin Martin, Luis Vicente"]
[Black "Longa Yauca, Javier"]
[Result "1-0"]
[WhiteElo "1933"]
[BlackElo "2255"]
[PlyCount "131"]
[EventDate "2015.08.22"]
[EventType "swiss"]
[EventRounds "9"]
[EventCountry "ESP"]
[Source "lmi"]
[SourceDate "2015.08.22"]

1. d4 Nf6 2. Bf4 d6 3. Nf3 g6 4. e3 Bg7 5. h3 c5 6. c3 Qb6 7. Qb3 Be6 8. dxc5
dxc5 9. Qxb6 axb6 10. a3 Nc6 11. Nbd2 Nd5 12. Bg3 Nxc3 13. bxc3 Bxc3 14. Rb1
Rxa3 15. Bb5 O-O 16. O-O Rc8 17. Nc4 Bxc4 18. Bxc4 Na5 19. Bd5 e6 20. Be4 f5
21. Bc2 Bb4 22. Be5 Nc6 23. Bb2 Raa8 24. Bb3 Kf7 25. Ng5+ Ke7 26. Bxe6 Rd8 27.
Bc4 Na5 28. Bb5 h6 29. Nf3 g5 30. Ne5 Nb3 31. Nc4 Nd2 32. Nxd2 Rxd2 33. Rfd1
Rad8 34. Rxd2 Rxd2 35. Bg7 h5 36. Be5 Ba5 37. Bc7 h4 38. Bc4 Kd7 39. Bxb6 Bxb6
40. Rxb6 Kc7 41. Rb1 Kc6 42. Be6 b5 43. Bxf5 c4 44. f4 gxf4 45. exf4 Kc5 46.
Be6 c3 47. Kh2 Rf2 48. f5 c2 49. Rc1 Kb4 50. Bd5 Rxf5 51. Be4 Re5 52. Bxc2 Kc3
53. Bg6+ Kd4 54. Rf1 Rg5 55. Bf7 Rg7 56. Be8 b4 57. Rf4+ Kc3 58. Bf7 Rh7 59.
Rc4+ Kb3 60. Bg8 Rh8 61. Rc8+ Kb2 62. Kg1 Rh6 63. Rc4 Ka3 64. Rc2 Ka4 65. Bc4
b3 66. Rb2 1-0

[Event "Collado Villalba 2015"]
[Site "Collado Villalba (ESP)"]
[Date "2015.08.22"]
[Round "1.9"]
[White "Semprun Martinez, Fernando"]
[Black "Rodriguez De Robles, Ignacio"]
[Result "1-0"]
[WhiteElo "2215"]
[BlackElo "1932"]
[PlyCount "25"]
[EventDate "2015.08.22"]
[EventType "swiss"]
[EventRounds "9"]
[EventCountry "ESP"]
[Source "lmi"]
[SourceDate "2015.08.22"]

1. e4 e5 2. Nf3 Nc6 3. Bc4 Bc5 4. c3 d6 5. d4 exd4 6. cxd4 Bb4+ 7. Nc3 h6 8.
Qb3 Qe7 9. O-O Bxc3 10. bxc3 Nf6 11. e5 Ne4 12. Re1 Bf5 13. Qxb7 1-0

[Event "Collado Villalba 2015"]
[Site "Collado Villalba (ESP)"]
[Date "2015.08.22"]
[Round "1.10"]
[White "Camarero Izquierdo, Juan Carlo"]
[Black "Kalashnikov, Alexey L"]
[Result "1-0"]
[WhiteElo "1931"]
[BlackElo "2209"]
[PlyCount "63"]
[EventDate "2015.08.22"]
[EventType "swiss"]
[EventRounds "9"]
[EventCountry "ESP"]
[Source "lmi"]
[SourceDate "2015.08.22"]

1. d4 f5 2. Nc3 Nf6 3. Bg5 e6 4. e4 fxe4 5. Nxe4 Be7 6. Bxf6 Bxf6 7. Nf3 O-O 8.
h4 b6 9. Nfg5 g6 10. Qd2 Bb7 11. O-O-O c5 12. dxc5 bxc5 13. Kb1 Bg7 14. h5 Qb6
15. b3 Bxe4 16. Nxe4 d5 17. Ng5 a5 18. hxg6 a4 19. Rxh7 axb3 20. cxb3 c4 21.
Qe3 Qxe3 22. fxe3 cxb3 23. Rxg7+ Kxg7 24. Nxe6+ Kg8 25. Nxf8 bxa2+ 26. Ka1 Kxf8
27. Rxd5 Nc6 28. Rd7 Ne5 29. g7+ Kg8 30. Re7 Ra5 31. g3 Rc5 32. Bh3 1-0

[Event "Collado Villalba 2015"]
[Site "Collado Villalba (ESP)"]
[Date "2015.08.22"]
[Round "1.11"]
[White "Sanz Castillo, Santiago"]
[Black "Gutierrez Mordini, Pablo"]
[Result "1/2-1/2"]
[WhiteElo "2197"]
[BlackElo "1902"]
[PlyCount "56"]
[EventDate "2015.08.22"]
[EventType "swiss"]
[EventRounds "9"]
[EventCountry "ESP"]
[Source "lmi"]
[SourceDate "2015.08.22"]

1. e4 e5 2. Nf3 Nc6 3. Bb5 Bc5 4. c3 Nf6 5. d4 Bb6 6. Bg5 h6 7. Bxf6 Qxf6 8.
Bxc6 dxc6 9. Nxe5 c5 10. O-O O-O 11. dxc5 Bxc5 12. Nf3 Bg4 13. Nbd2 Rad8 14.
Qe2 Qg6 15. Rad1 Rfe8 16. Rfe1 Bd6 17. Nc4 Bf4 18. Rxd8 Rxd8 19. Ne3 h5 20. Nd5
Bd6 21. e5 Bc5 22. Nf4 Bxf3 23. Qxf3 Qc2 24. e6 fxe6 25. Nxe6 Re8 26. Qe2 Qf5
27. g4 Qf7 28. Kg2 Bxf2 1/2-1/2

[Event "Collado Villalba 2015"]
[Site "Collado Villalba (ESP)"]
[Date "2015.08.22"]
[Round "1.12"]
[White "Movilla Calleja, David"]
[Black "Bermejo Arruego, Luis"]
[Result "0-1"]
[WhiteElo "1890"]
[BlackElo "2167"]
[PlyCount "78"]
[EventDate "2015.08.22"]
[EventType "swiss"]
[EventRounds "9"]
[EventCountry "ESP"]
[Source "lmi"]
[SourceDate "2015.08.22"]

1. d4 g6 2. e4 Bg7 3. Be3 c5 4. c3 cxd4 5. cxd4 d5 6. e5 f6 7. f4 Nh6 8. Be2
O-O 9. Nc3 Nc6 10. Bf3 e6 11. Bf2 fxe5 12. fxe5 Nf5 13. Nge2 Nh4 14. Bxh4 Qxh4+
15. Kf1 Bh6 16. Qe1 Qg5 17. Rd1 Bd7 18. h4 Qe3 19. Qf2 a6 20. Qxe3 Bxe3 21. Rd3
Bh6 22. a3 Na5 23. b3 Rac8 24. Kf2 Kg7 25. g4 Bf4 26. Rb1 h6 27. Nxf4 Rxf4 28.
Kg3 g5 29. Ne2 Rff8 30. hxg5 hxg5 31. Nc3 Be8 32. Rb2 Bg6 33. Re3 b5 34. Ne2
Rc7 35. Kg2 Rfc8 36. Ng3 Rc3 37. Rxc3 Rxc3 38. Nh5+ Bxh5 39. gxh5 Nxb3 0-1

[Event "Collado Villalba 2015"]
[Site "Collado Villalba (ESP)"]
[Date "2015.08.22"]
[Round "1.13"]
[White "Pastor Alonso De Prado, Albert"]
[Black "Montiel Miguelez, Manuel"]
[Result "1-0"]
[WhiteElo "2167"]
[BlackElo "1854"]
[PlyCount "79"]
[EventDate "2015.08.22"]
[EventType "swiss"]
[EventRounds "9"]
[EventCountry "ESP"]
[Source "lmi"]
[SourceDate "2015.08.22"]

1. e4 c5 2. c3 d5 3. exd5 Qxd5 4. d4 Nf6 5. Nf3 Bg4 6. Be2 e6 7. O-O Be7 8. h3
Bh5 9. Be3 cxd4 10. cxd4 O-O 11. Nc3 Qa5 12. Qb3 Qb4 13. g4 Bg6 14. Ne5 Nc6 15.
g5 Qxb3 16. axb3 Nd5 17. Nxd5 exd5 18. Nxc6 bxc6 19. Rfc1 Bf5 20. Rxc6 Bxh3 21.
Rc7 Bd6 22. Rcxa7 Rab8 23. R1a5 Rxb3 24. Rxd5 Bb8 25. Ra2 Be6 26. Rda5 Rb4 27.
d5 Bf5 28. Bc5 Re4 29. Bxf8 Rxe2 30. Ra8 Re1+ 31. Kg2 Re8 32. Bd6 Be4+ 33. f3
Bxd5 34. R2a5 Bxa8 35. Rxa8 h6 36. b4 hxg5 37. b5 Rd8 38. Rxb8 Rxb8 39. Bxb8
Kf8 40. b6 1-0

[Event "Collado Villalba 2015"]
[Site "Collado Villalba (ESP)"]
[Date "2015.08.22"]
[Round "1.14"]
[White "Rodriguez Izquierdo, Luis"]
[Black "Garcia Paolicchi, Raul"]
[Result "0-1"]
[WhiteElo "1854"]
[BlackElo "2148"]
[PlyCount "106"]
[EventDate "2015.08.22"]
[EventType "swiss"]
[EventRounds "9"]
[EventCountry "ESP"]
[Source "lmi"]
[SourceDate "2015.08.22"]

1. e4 d5 2. exd5 Qxd5 3. Nc3 Qa5 4. h3 Nf6 5. Nf3 c6 6. Bc4 Bf5 7. O-O e6 8. d3
Be7 9. Bd2 Qc7 10. Re1 Nbd7 11. Rb1 O-O 12. Nh4 Bg6 13. Nxg6 hxg6 14. Bb3 Rfe8
15. Ne4 Rad8 16. Qe2 Nd5 17. Bg5 Bxg5 18. Nxg5 Nc5 19. Bxd5 cxd5 20. d4 Nd7 21.
Nf3 Rc8 22. c3 a6 23. Ne5 Nxe5 24. Qxe5 Qc4 25. a3 Rc6 26. Qe2 Qa2 27. Qd3 Rb6
28. Ra1 Qb3 29. Re2 Rc8 30. Rc2 Rbc6 31. Rac1 Rc4 32. Kf1 b5 33. Ke2 Qa4 34.
Kd2 Qa5 35. Qe3 Qc7 36. g3 Qd8 37. Qf4 Qb6 38. Qe3 a5 39. b3 R4c6 40. Qd3 e5
41. Qe3 e4 42. f3 exf3 43. Qxf3 Qd8 44. Re1 b4 45. axb4 axb4 46. Rec1 Rf6 47.
Qe3 Re6 48. Qf3 Qf6 49. Qf4 Qe7 50. cxb4 Qxb4+ 51. Rc3 Rce8 52. Qf2 Re4 53. Kd3
Qb5+ 0-1

[Event "Collado Villalba 2015"]
[Site "Collado Villalba (ESP)"]
[Date "2015.08.22"]
[Round "1.15"]
[White "Rodriguez Melendez, Juan Humbe"]
[Black "Petru, Lucian Olimpiu"]
[Result "1-0"]
[WhiteElo "2130"]
[BlackElo "1845"]
[PlyCount "179"]
[EventDate "2015.08.22"]
[EventType "swiss"]
[EventRounds "9"]
[EventCountry "ESP"]
[Source "lmi"]
[SourceDate "2015.08.22"]

1. e4 c6 2. Nc3 d5 3. Nf3 Bg4 4. h3 Bxf3 5. Qxf3 e6 6. exd5 cxd5 7. Bb5+ Nc6 8.
O-O Bd6 9. d4 Nge7 10. Ne2 O-O 11. c3 e5 12. dxe5 Nxe5 13. Qh5 g6 14. Qg5 a6
15. Ba4 Nf5 16. Bb3 Nc4 17. Nd4 Nxd4 18. cxd4 Re8 19. Qxd8 Raxd8 20. Bc2 Re6
21. b3 Na3 22. Bd3 Bb4 23. Be3 Rc6 24. Rac1 Rdc8 25. Rxc6 Rxc6 26. Rc1 Rxc1+
27. Bxc1 f5 28. Bb2 Kf7 29. Kf1 Ke6 30. Ke2 Kf6 31. Ke3 Nb5 32. a4 Nc7 33. Be2
Ne8 34. Bc1 Nd6 35. g4 g5 36. f4 h6 37. Kf3 Ne4 38. Bd1 Bc3 39. Be3 b5 40. Bc2
bxa4 41. bxa4 Nd6 42. Bd3 a5 43. Ba6 Kg6 44. Ke2 Kf6 45. Kd3 Bb4 46. Bc1 Ne4
47. Bc8 Nf2+ 48. Ke2 Nxh3 49. fxg5+ hxg5 50. Bxf5 Nf4+ 51. Kf3 Bd6 52. Bd2 Bc7
53. Ke3 Ke7 54. Bc1 Bd6 55. Bh7 Kd7 56. Bg8 Kc6 57. Bf7 Bc7 58. Be8+ Kd6 59.
Ba3+ Ke6 60. Bc5 Bd6 61. Bb6 Bb4 62. Bd8 Nh3 63. Bc6 Kd6 64. Bb5 Bc3 65. Bf1
Nf4 66. Bxg5 Ne6 67. Bf6 Bb2 68. Be5+ Kc6 69. Bb5+ Kb6 70. Be8 Bc1+ 71. Kd3 Ng5
72. Bf6 Kc7 73. Bg6 Ne6 74. Bf7 Kd7 75. Bxe6+ Kxe6 76. Bd8 Ba3 77. Bxa5 Be7 78.
Bd2 Kd7 79. Ke2 Bf6 80. Kd3 Kc6 81. Bf4 Kb6 82. g5 Bg7 83. Be5 Bf8 84. g6 Ka5
85. g7 Bxg7 86. Bxg7 Kxa4 87. Ke3 Kb5 88. Kf4 Kb6 89. Ke5 Kc6 90. Bf8 1-0

[Event "Collado Villalba 2015"]
[Site "Collado Villalba (ESP)"]
[Date "2015.08.22"]
[Round "1.16"]
[White "Corral Aragon, Juan Maria"]
[Black "Aziz Ortego, Omar Luis"]
[Result "0-1"]
[WhiteElo "1845"]
[BlackElo "2123"]
[PlyCount "102"]
[EventDate "2015.08.22"]
[EventType "swiss"]
[EventRounds "9"]
[EventCountry "ESP"]
[Source "lmi"]
[SourceDate "2015.08.22"]

1. e4 g6 2. d4 Bg7 3. h4 d6 4. h5 Nc6 5. c3 e5 6. h6 Bf6 7. d5 Nce7 8. g4 g5 9.
Rh5 Ng6 10. Nh3 Nf4 11. Bxf4 gxf4 12. Bb5+ Kf8 13. Qf3 Be7 14. g5 Bxh3 15. Qxh3
Bxg5 16. Nd2 Qf6 17. Nf3 Bxh6 18. O-O-O a6 19. Bd3 Bg7 20. Rg1 h6 21. Rf5 Qe7
22. Nh4 Bf6 23. Rh5 Ke8 24. Nf5 Qf8 25. Rh1 Kd8 26. Nh4 c5 27. dxc6 bxc6 28.
Rd1 Kc7 29. Nf5 Ne7 30. Bc4 Nxf5 31. Rxf5 Qe7 32. Qd3 Rhd8 33. Bxa6 d5 34. Re1
dxe4 35. Qf1 Qe6 36. Rxf6 Qxf6 37. Rxe4 Qd6 38. Bc4 f5 39. Re1 e4 40. Bb3 f3
41. Re3 Rd7 42. c4 c5 43. Kb1 Rg8 44. a3 Qd2 45. Ba4 Rg2 46. Bxd7 Rxf2 47. Qc1
Kxd7 48. Re1 Qd4 49. Rd1 Rxb2+ 50. Qxb2 Qxd1+ 51. Ka2 Qe2 0-1

[Event "Collado Villalba 2015"]
[Site "Collado Villalba (ESP)"]
[Date "2015.08.22"]
[Round "1.17"]
[White "Palenciano Escolar, Adrian"]
[Black "Perez Cameselle, Francisco"]
[Result "1-0"]
[WhiteElo "2120"]
[BlackElo "1840"]
[PlyCount "59"]
[EventDate "2015.08.22"]
[EventType "swiss"]
[EventRounds "9"]
[EventCountry "ESP"]
[Source "lmi"]
[SourceDate "2015.08.22"]

1. e4 e6 2. d4 d5 3. Nd2 dxe4 4. Nxe4 Nd7 5. Nf3 Ngf6 6. Nxf6+ Nxf6 7. c3 c5 8.
Ne5 cxd4 9. Bb5+ Bd7 10. Nxd7 Nxd7 11. Qxd4 a6 12. Bxd7+ Qxd7 13. Qxd7+ Kxd7
14. Bf4 Be7 15. O-O-O+ Kc6 16. Kc2 Rad8 17. c4 Rxd1 18. Rxd1 Rd8 19. Rxd8 Bxd8
20. b4 Be7 21. Kb3 f6 22. a4 e5 23. Be3 b6 24. b5+ axb5 25. cxb5+ Kb7 26. Kc4
f5 27. f3 Ba3 28. Kd5 f4 29. Bd2 Bb2 30. Bb4 1-0

[Event "Collado Villalba 2015"]
[Site "Collado Villalba (ESP)"]
[Date "2015.08.22"]
[Round "1.18"]
[White "Perez Vazquez, Manuel"]
[Black "Cao Armillas, Jesus"]
[Result "1/2-1/2"]
[WhiteElo "1837"]
[BlackElo "2090"]
[PlyCount "56"]
[EventDate "2015.08.22"]
[EventType "swiss"]
[EventRounds "9"]
[EventCountry "ESP"]
[Source "lmi"]
[SourceDate "2015.08.22"]

1. d4 Nf6 2. c4 g6 3. Nc3 d5 4. cxd5 Nxd5 5. e4 Nxc3 6. bxc3 Bg7 7. Nf3 O-O 8.
Rb1 b6 9. Be2 Bb7 10. Qc2 Nd7 11. O-O c5 12. d5 Qc7 13. c4 Rad8 14. Bb2 Ne5 15.
Nxe5 Bxe5 16. Bxe5 Qxe5 17. f4 Qg7 18. Qb2 e6 19. Qxg7+ Kxg7 20. Bf3 exd5 21.
exd5 Rfe8 22. Kf2 Ba6 23. Rfc1 Re7 24. a4 Rd6 25. Rb3 Bc8 26. Re3 Rxe3 27. Kxe3
Bd7 28. Bd1 Kf6 1/2-1/2

[Event "Collado Villalba 2015"]
[Site "Collado Villalba (ESP)"]
[Date "2015.08.22"]
[Round "1.19"]
[White "Cortes Jurado, Rafael"]
[Black "Eizaguerri Floris, Maria"]
[Result "0-1"]
[WhiteElo "2073"]
[BlackElo "1822"]
[PlyCount "122"]
[EventDate "2015.08.22"]
[EventType "swiss"]
[EventRounds "9"]
[EventCountry "ESP"]
[Source "lmi"]
[SourceDate "2015.08.22"]

1. d4 Nf6 2. c4 e6 3. Nc3 d5 4. Nf3 Bb4 5. cxd5 exd5 6. Bg5 c5 7. a3 Bxc3+ 8.
bxc3 O-O 9. g3 Nbd7 10. Bg2 Qa5 11. Bd2 Ne4 12. O-O c4 13. Qc2 Ndf6 14. Qb2 Re8
15. e3 h6 16. Rfc1 Bf5 17. Be1 Rac8 18. Ne5 Rc7 19. f3 Nc5 20. dxc5 Rxe5 21. g4
Bxg4 22. Bg3 Rxe3 23. fxg4 Nxg4 24. Qb4 Qxc5 25. Qxc5 Rxc5 26. Bh3 Re4 27. Re1
h5 28. Bg2 Re6 29. h3 Nf6 30. Bf2 Ra5 31. Bd4 Ne4 32. Re3 f5 33. Rf1 g6 34.
Bxe4 dxe4 35. Rg3 Kf7 36. Rb1 b6 37. Rb4 f4 38. Rg2 Rf5 39. Rxc4 f3 40. Rc7+
Ke8 41. Rb2 e3 42. Bxe3 Rxe3 43. Kf2 Re7 44. Rc6 Kf7 45. Rd2 g5 46. Rh6 g4 47.
Rh7+ Ke6 48. Rh6+ Ke5 49. hxg4 hxg4 50. Rg6 Rf4 51. Rb2 Kf5 52. Rh6 Re2+ 53.
Rxe2 fxe2+ 54. Kxe2 g3 55. Rh7 g2 56. Rg7 Rg4 57. Rxg4 Kxg4 58. Kf2 Kh3 59. Kg1
a5 60. a4 Kg3 61. c4 Kf3 0-1

[Event "Collado Villalba 2015"]
[Site "Collado Villalba (ESP)"]
[Date "2015.08.22"]
[Round "1.20"]
[White "Fernandez Sanchez, Lorenzo"]
[Black "Martin Carmona, Gaston Manuel"]
[Result "0-1"]
[WhiteElo "1817"]
[BlackElo "2068"]
[PlyCount "112"]
[EventDate "2015.08.22"]
[EventType "swiss"]
[EventRounds "9"]
[EventCountry "ESP"]
[Source "lmi"]
[SourceDate "2015.08.22"]

1. d4 d5 2. Nf3 Nf6 3. Bf4 c5 4. c3 Qb6 5. Qb3 Nc6 6. e3 c4 7. Qxb6 axb6 8.
Nbd2 b5 9. Be2 b4 10. O-O Bf5 11. Nh4 e6 12. Nxf5 exf5 13. h3 Be7 14. f3 b5 15.
g4 fxg4 16. fxg4 bxc3 17. bxc3 b4 18. cxb4 Bxb4 19. Nf3 O-O 20. Ne5 Nxe5 21.
Bxe5 Ne4 22. Bf3 Nd2 23. Bxd5 Ra5 24. Bxc4 Nxc4 25. Bf4 Bd6 26. Bxd6 Nxd6 27.
Rfc1 Ra3 28. Rc6 Ne4 29. Re1 Rxa2 30. d5 Rd2 31. Rc4 Ng5 32. Ra1 Nxh3+ 33. Kf1
Rxd5 34. Kg2 Ng5 35. Kg3 Ne6 36. Ra7 Rfd8 37. Rb4 R5d7 38. Ra5 f6 39. Rb6 Kf7
40. Raa6 Re7 41. Kf3 Ng5+ 42. Kf2 Rd2+ 43. Kf1 Rxe3 44. Rb7+ Kg6 45. Raa7 Ne6
46. Re7 Rd6 47. g5 Kxg5 48. Rab7 f5 49. Rf7 Kg4 50. Rbe7 f4 51. Ra7 Kg3 52. Ra1
h5 53. Kg1 g5 54. Rb7 Nd4 55. Rb2 Re2 56. Rbb1 Nf3+ 0-1

[Event "Collado Villalba 2015"]
[Site "Collado Villalba (ESP)"]
[Date "2015.08.22"]
[Round "1.21"]
[White "Lianes Garcia, Marcos"]
[Black "Porras Fernandez, Alberto"]
[Result "1-0"]
[WhiteElo "2059"]
[BlackElo "1802"]
[PlyCount "83"]
[EventDate "2015.08.22"]
[EventType "swiss"]
[EventRounds "9"]
[EventCountry "ESP"]
[Source "lmi"]
[SourceDate "2015.08.22"]

1. e4 c5 2. Nf3 Nc6 3. d4 cxd4 4. Nxd4 Qc7 5. Nc3 e6 6. a3 a6 7. Be3 Nf6 8. Be2
Be7 9. O-O O-O 10. f4 d6 11. Qe1 Nxd4 12. Bxd4 b5 13. Bf3 Bb7 14. Qg3 Rfd8 15.
Rfd1 Rac8 16. Rd2 Bc6 17. Nd1 Qb7 18. Nf2 Kh8 19. Re1 a5 20. Nd3 Rg8 21. Rde2
Nd7 22. Qf2 Bd8 23. Bh5 Rf8 24. c3 Nf6 25. Bf3 Be7 26. Qg3 Rg8 27. Kh1 Qa6 28.
e5 Nd7 29. Bh5 Rcf8 30. Qh3 dxe5 31. Nxe5 Nxe5 32. Bxe5 Bd5 33. Re3 f6 34. Bd4
Qc8 35. Bg6 h6 36. Bd3 Qc6 37. Rg3 Bd6 38. Qg4 Qe8 39. Qh4 Qf7 40. Rg6 Be4 41.
Bxe4 f5 42. Qxh6# 1-0

[Event "Collado Villalba 2015"]
[Site "Collado Villalba (ESP)"]
[Date "2015.08.22"]
[Round "1.22"]
[White "Laveda Ayllon, Jose David"]
[Black "Erice Alonso, Santiago"]
[Result "0-1"]
[WhiteElo "1695"]
[BlackElo "2013"]
[PlyCount "52"]
[EventDate "2015.08.22"]
[EventType "swiss"]
[EventRounds "9"]
[EventCountry "ESP"]
[Source "lmi"]
[SourceDate "2015.08.22"]

1. d4 d5 2. c4 c6 3. Nf3 Nf6 4. Nc3 dxc4 5. a4 Bf5 6. Ne5 e6 7. Nxc4 Nbd7 8. f3
Bb4 9. e4 Bg6 10. Bg5 Qc7 11. Qc1 O-O 12. Bf4 Qd8 13. Be2 Nb6 14. Be3 Nxc4 15.
Bxc4 c5 16. dxc5 Qc7 17. b3 Qe5 18. Bd2 Rad8 19. f4 Qd4 20. Ra2 Nxe4 21. Nxe4
Qxe4+ 22. Kf2 Rxd2+ 23. Rxd2 Qxf4+ 24. Ke2 Bh5+ 25. Ke1 Rd8 26. Bd3 Rxd3 0-1